Campuses of the University of California Quiz Stats

 Plays Quiz Updated Feb 7, 2020

Support Sporcle.
Go Orange.
Score 0/10 Timer 02:00
1 Play Today
% Correct
Los Angeles
96.4%
San Diego
89.1%
Berkeley
80.1%
San Francisco
75.4%
Santa Barbara
70%
Irvine
61.6%
Davis
59.5%
Santa Cruz
47.6%
Riverside
46.4%
Merced
26.8%

From the Vault

Hexagon Hopping: Literature

by PenguinsMeercats

Do all bees love the book “Flowers for Algernon?”
Remove Ads.
Support Sporcle.
Get the best of Sporcle when you Go Orange. This ad-free experience offers more features, more stats, and more fun while also helping to support Sporcle. Thank you for becoming a member.

Show Comments

Extras

Top Quizzes Today


Score Distribution

Your Account Isn't Verified!

In order to create a playlist on Sporcle, you need to verify the email address you used during registration. Go to your Sporcle Settings to finish the process.

Report this User

Report this user for behavior that violates our Community Guidelines.

Details: